00995nam a22002537i 4500003000900000005001700009007000300026008004100029020001800070040003000088041000800118082001900126100003500145245009000180250002200270264003600292300004100328336002700369337003300396338002800429505020300457600005700660650002400717DO-SdBNP20260317112812.0ta211130b2019 ||||| |||| 00| 0 spa d a9789945169300 aDO-SdBNPbspacBNPHUerda aspa axxxbF316s2220 aFéliz Franco, Natachaeautor10aSemblaza del escritor banilejo Héctor Colombino Perelló /cNatacha Féliz Franco aSegunda edición aSanto Domingo :bBúho,c2019. a37 páginas :bilustracionesc22 cm ardacontentbtexto2txt ardamediabsin mediación2n ardacarrierbvolumen2nc aDedicatoria 7 – Presentación de Juan E. Báez Melo editor de la primera edición 9 – Héctor Colombino Perelló y el costumbrismo 11 – Entrañable 16 – Héctor Colombino Perelló 19 aPerelló Guerrero, Héctor ColombinoxBiografías aAutores dominicanos